| 000 | 00567nam a2200181 a 4500 | ||
|---|---|---|---|
| 003 | BD-DhJNU | ||
| 005 | 20250727071032.0 | ||
| 008 | 250501s1954 ii a b 001 0 eng | ||
| 040 |
_aBD-DhJNU _bENG _cBD-DhJNU _dBD-DhJNU |
||
| 082 | 0 | 0 |
_a944.05 MAN _223 |
| 100 | 1 | _aMarkham, F. M. H. | |
| 245 | 1 | 0 |
_aNepoleon and the awakening of Europe / _cF. M. H. Markham |
| 260 |
_aLondon : _bEnglish Universities Press, _c1954. |
||
| 300 |
_avii, 184 p. : _bill. ; _c20 cm. |
||
| 504 | _aIncludes bibliographical references and index. | ||
| 650 | 0 | _aEurope -- History | |
| 942 | _cBK | ||
| 999 |
_c1947 _d1947 |
||